[Event "Sachsen-Anhalt-ch op"]
[Site "Magdeburg"]
[Date "2021.10.31"]
[Round "7"]
[White "Kuehne, Juergen"]
[Black "Friedrich, Florian"]
[Result "1-0"]
[WhiteElo "1588"]
[BlackElo "1416"]
[PlyCount "81"]
[EventDate "2021.10.28"]
[EventType "swiss"]
[EventRounds "7"]
[EventCountry "GER"]
[SourceTitle "CBM 205 Extra"]
[Source "ChessBase"]
[SourceDate "2022.01.31"]
[SourceVersion "1"]
[SourceVersionDate "2022.01.31"]
[SourceQuality "1"]

1. d4 d5 2. c4 e6 3. Nc3 Nf6 4. cxd5 exd5 5. Bg5 Be7 6. e3 Bf5 7. Qb3 Nc6 8. Bxf6 gxf6 9. Qxd5 Qxd5 10. Nxd5 Bb4+ 11. Ke2 0-0-0 12. Nxb4 Nxb4 13. Kd2 c5 14. Rc1 b6 15. Bc4 Kb7 16. a3 Nc6 17. Ne2 cxd4 18. exd4 Nxd4 19. Nxd4 Rxd4+ 20. Kc3 Rf4 21. Rhf1 Rc8 22. Kb3 Be6 23. Bxe6 fxe6 24. Rxc8 Kxc8 25. f3 Rd4 26. Rc1+ Kd7 27. Rc4 Rd2 28. Rc2 Rxc2 29. Kxc2 Kd6 30. Kd3 Kc5 31. g4 Kb5 32. b3 a5 33. h4 h6 34. f4 Kc5 35. g5 fxg5 36. fxg5 hxg5 37. hxg5 Kd6 38. Kc4 Ke7 39. Kb5 Kf7 40. a4 Ke7 41. g6 1-0